000 00424nam a2200169Ia 4500
008 230524s9999 xx 000 0 und d
020 _a0074624989
082 _a621.3821
_bZBE
100 _aPaul B.Zbar
245 0 _aBasic Electronics A Text Lab Manual
260 _aNEW DELHI
_bTMH
_c2003
300 _aXIIII;381
500 _aQuantity Number: 5
650 _aElectronics
700 _a Albert P. Malvino
942 _cBK
999 _c4455
_d4455